000
00300nam a22001337a 4500
008
171204b xxu||||| |||| 00| 0 eng d
020
_a
9780807844953
041
_a
eng
080
_a
315
100
_a
50
101
_a
SOC
245
_a
U.S HISTORY AS WOMEN'S HISTORY
_c
KERBER,L.K
942
_2
udc
_c
BK
999
_c
38773
_d
38773